1027 1980 1233 1201 1508 1134 1453 1687 1313 1313 1238 1058 1759 1014 1212 1204 1226 1670 1193 1976 1176 1923 1164 1465 1518 1696 1662 1374 1992 1932 1671 1444 1320 1358 1986 1215 1443 1791 1747 1084 1034 1019 1534 1117 1783 1730 1185 1350 1289 1019 1041 1436 1373 1091 1483 1385 1956 1214 1799 1015 1380 1033 1920 1071 1093 1483 1326 1619 1145 1820 1886 1145 1609 1331 1691 1988 1092 1637 1406 1221 1801 1634 1623 1827 1963 1397 1851 1690 1903 1867 1368 1666 1877 1472 1011 1782 1397 1939 1669 BCNSPRNW ULIB Ver.6.0+V

เปลี่ยนเป็นภาษาไทย

Change to English
 แสดงรายละเอียดบรรณานุกรม
  กลับหน้าหลัก

Brief Record : Get Marc (ISO 2709) : E-mail record : QR code < ปิดหน้าต่าง
LEADER : 00000nam a2200000Ia 4500
001    13399114131
003     ULIB
008    100817s2551 th a 000 0 tha d
020    ^a9789740635499
060 04 ^aWY85^bส226น
100 0  ^aสภาการพยาบาล
245 10 ^aแนวทางการส่งเสริมการปฏิบัติการพยาบาลตามจรรยาบรรณวิชาชีพ
250    ^aพิมพ์ครั้งที่ 3 ฉบับปรับปรุง
260    ^aกรุงเทพฯ :^bจตุทอง,^c2551
300    ^a[8], 175 หน้า ;^c22 ซม.
650  4 ^aจรรยาพยาบาล
650  4 ^aจรรยาบรรณในวิชาชีพ
650  4 ^aการปฏิบัติ^xการพยาบาล
945    ^p100^l0^i031013
945    ^p100^l0^i031014
945    ^p100^l0^i031015
945    ^p100^l0^i031016
945    ^p100^l0^i031017
945    ^p100^l0^i031018
945    ^p100^l0^i031019
945    ^p100^l0^i031020
945    ^p100^l0^i031021
945    ^p100^l0^i031022
995    ^aเกษร
999 ^a ใช้งานได้ทุกระบบ
รายการนี้ยังไม่มีแท็ก
คุณยังไม่ได้ล็อกอิน คุณสามารถมีกิจกรรมร่วมกับเว็บไซต์ได้ แต่ต้องล็อกอินก่อน ::
  ล็อกอิน

รายการสื่อสารสนเทศ

ลำดับที่ ประเภท เลขเรียก/บาร์โค้ด สถานที่ สถานะ
- ไม่พบข้อมูล -

รายการใกล้เคียง
    ชื่อเรื่อง [แนวทางการส่งเสริมการปฏิบัติการพยาบาลตามจรรยาบรรณวิชาชีพ]

    ผู้แต่ง [สภาการพยาบาล]

    หัวเรื่อง [จรรยาพยาบาล]
    หัวเรื่อง [จรรยาบรรณในวิชาชีพ]

BibComment


ยังไม่เคยถูกคอมเมนท์

คอมเมนท์ทรัพยากรรายการนี้
  คอมเมนท์: แนวทางการส่งเสริ..


 Copyright 2026. Bcnsprnw @Library